000 00506cam a2200181ua 4500
001 2823
008 110909n ii |||gr||||Z||||||asm
040 _cMAIN
082 _a891.4512
100 1 _aBharali, Sahajananda,
_eAuthor.
245 1 1 _aSibsagarh natya samajar itibitta :
_bsanskritir eti puja /
_cby Sahajananda Bharali
250 _a1st.
260 _aGuahati:
_bSahajananda Bharali .,977.
300 _a282p:
_c23cm.
653 _aAssamese drama
653 _aSahajananda Bharali .
942 _cBK
999 _c2672
_d2672